000 00495nam a2200193 a 4500
001 1770453311846
003 YourLibrary
005 20260207140841.0
008 260207s2008##################000#0#eng##
020 _a9781427797780
082 0 4 _a333.3383
_bTYM
100 1 _aTymes, Elna,
_eauthor.
245 1 0 _aSell My Home! :
260 _bKaplan Publishing,
_c2008.
300 _a144 pages
650 0 _aBusiness & Economics.
942 _cENGLISH
040 _aYourLibrary
_beng
_cYourLibrary
999 _c610952
_d610952